Geography by Pictures (Medium-Hard) - J - Statistics

General Stats
  • This quiz has been taken 87 times
  • The average score is 8 of 14
Answer Stats
Picture Hint Answer % Correct
Capital City of Indonesia Jakarta
100%
Caribbean Nation Jamaica
95%
English Channel Island Jersey
91%
City in India Jaipur
80%
Peninsula in Europe Jutland
79%
River in the Middle East Jordan River
72%
Sea in Indonesia Java Sea
63%
South Korean Island Jeju Island
54%
National Park in Canada Jasper National Park
39%
State of Malaysia Johor
28%
Mountain in Switzerland Jungfrau
18%
Bay in Canada James Bay
17%
Province of China Jiangsu
8%
Glacier Lake in Iceland Jokulsarlon
5%
No matching quizzes found
Score Distribution
Percent of People with Each Score
Percentile by Number Answered
Your Score History
You have not taken this quiz